The definitive guide to MongoDB : a complete guide to dealing with big data using MongoDB

Αποθηκεύτηκε σε:
Λεπτομέρειες βιβλιογραφικής εγγραφής
Μορφή: Sách
Γλώσσα:Undetermined
Έκδοση: Apressg 2015
Θέματα:
Ετικέτες: Προσθήκη ετικέτας
Δεν υπάρχουν, Καταχωρήστε ετικέτα πρώτοι!
Thư viện lưu trữ: Trung tâm Thư viện - Trường Đại học Công nghiệp TP. Hồ Chí Minh
LEADER 00461nam a2200133Ia 4500
001 UIH_00082
008 230809s9999 xx 000 0 und d
082 |a 5.74 
245 4 |a The definitive guide to MongoDB : a complete guide to dealing with big data using MongoDB 
260 |b Apressg 
260 |c 2015 
650 |a Computer science;Database management; 
927 |a Sách 
980 |a Trung tâm Thư viện - Trường Đại học Công nghiệp TP. Hồ Chí Minh